000 01108nam a2200217Ia 4500
003 Ost
005 20260416102359.0
008 260416s9999||||xx |||||||||||||| ||und||
040 _cfsecg
041 _aara
082 _a302.2
100 _aبشبيش، عبد المومن
_eمؤلف
245 0 _a إتصال المؤسسة /
_c عبد المومن بشبيش
260 _aالجزائر
_bجامعة الجزائر3: كلية العلوم الإقتصادية، العلوم التجارية وعلوم التسيير
_c2022
300 _a76 ورقة
_bايضاحات
_c30 سم
504 _aالمراجع ص.73
520 _aماهية اتصال المؤسسة، الاتصال الداخلي والخارجي كشكل من أشكال اتصال المؤسسة، شبكات الاتصال داخل المؤسسة، الاستراتيجية الاتصالية داخل المؤسسة.
653 _aالاتصال
710 _aجامعة الجزائر3: كلية العلوم الإقتصادية، العلوم التجارية وعلوم التسيير
_eناشر علمي
942 _cHANDOUT
999 _c41360
_d41360